000
00331nam a2200133Ia 4500
005
20251222141857.0
008
251222s9999||||xx |||||||||||||| ||spa||
082
_a
363.7/A59
100
_a
Andaluz, Carlos
245
0
_a
Código del Medio Ambiente y los Recursos Naturales:
250
_a
2a.ed.
264
_b
Proterra
942
_c
LIB
999
_c
7938
_d
7938